[Event "Bhubaneswar SOA op 1st"]
[Site "Bhubaneswar"]
[Date "2024.01.31"]
[Round "5"]
[White "Goutham Krishna, H."]
[Black "Fawzy, Adham"]
[Result "1-0"]
[WhiteElo "2288"]
[BlackElo "2522"]
[PlyCount "95"]
[EventDate "2024.01.28"]
[EventType "swiss"]
[EventRounds "10"]
[EventCountry "IND"]
[SourceTitle "CB06_2024"]
[SourceDate "2024.02.07"]
[SourceVersion "1"]
[SourceVersionDate "2024.02.07"]
[SourceQuality "1"]

1. Nf3 Nf6 2. c4 g6 3. Nc3 Bg7 4. d4 0-0 5. Bf4 c5 6. d5 d6 7. e4 a6 8. a4 Nh5 9. Be3 e6 10. Be2 exd5 11. cxd5 Bg4 12. 0-0 Nd7 13. Re1 Qc7 14. Qc2 c4 15. a5 Rac8 16. Ra4 Rfe8 17. Rea1 Qd8 18. Rb4 f5 19. exf5 Bxf5 20. Qd2 Nc5 21. Bxc5 Rxc5 22. Nd4 Rxa5 23. Rd1 Bxd4 24. Qxd4 Qf6 25. Qxf6 Nxf6 26. Rxb7 Bc2 27. Rc1 Bd3 28. Bf3 g5 29. h3 h5 30. g4 hxg4 31. hxg4 Kf8 32. Kg2 Bg6 33. Rb6 Ke7 34. Re1+ Kd7 35. Rb7+ Kd8 36. Rh1 Re7 37. Rb6 Ne8 38. Rh8 Kd7 39. Rg8 Bd3 40. Rb7+ Nc7 41. Bd1 Bh7 42. Rf8 Be4+ 43. Nxe4 Rxe4 44. Rf7+ Re7 45. Rxe7+ Kxe7 46. Rxc7+ Kf6 47. Bf3 Ra4 48. Be2 1-0

[Event "Bhubaneswar SOA op 1st"]
[Site "Bhubaneswar"]
[Date "2024.01.30"]
[Round "4"]
[White "Fawzy, Adham"]
[Black "Rajesh, VAV"]
[Result "1/2-1/2"]
[WhiteElo "2522"]
[BlackElo "2331"]
[PlyCount "117"]
[EventDate "2024.01.28"]
[EventType "swiss"]
[EventRounds "10"]
[EventCountry "IND"]
[SourceTitle "CB06_2024"]
[SourceDate "2024.02.07"]
[SourceVersion "1"]
[SourceVersionDate "2024.02.07"]
[SourceQuality "1"]

1. e4 e5 2. Nf3 Nc6 3. Bc4 Bc5 4. c3 Nf6 5. d4 exd4 6. e5 d5 7. Bb5 Ne4 8. cxd4 Bb6 9. Nc3 0-0 10. Be3 Bg4 11. h3 Bh5 12. Qc2 Bg6 13. Qb3 Ne7 14. 0-0 c6 15. Bd3 Nd2 16. Nxd2 Bxd3 17. Rfe1 Bg6 18. Na4 Nf5 19. Qc3 Re8 20. a3 f6 21. Nxb6 axb6 22. Bf4 fxe5 23. dxe5 c5 24. Nf3 Nh4 25. e6 Nxf3+ 26. Qxf3 Qf6 27. e7 Rxe7 28. Rxe7 Qxe7 29. Qxd5+ Bf7 30. Qe5 Qd7 31. Qg5 Re8 32. Be5 Bc4 33. Re1 Re6 34. Qg4 Bd3 35. Re3 Re7 36. Qf4 c4 37. Kh2 h6 38. Rg3 Qf5 39. Qxf5 Bxf5 40. Bc3 g6 41. Rf3 h5 42. Rg3 Re2 43. Kg1 Kf7 44. h4 Re8 45. f3 Rd8 46. Kf2 Rd5 47. Ke3 Bd7 48. Ke4 Bc6 49. Kf4 Bd7 50. Be5 b5 51. Rg5 Bc6 52. g4 hxg4 53. Rxg4 Rd3 54. Rg3 Bd5 55. Bc3 Bc6 56. Rh3 Bd5 57. Rg3 Bc6 58. Kg4 Bd5 59. Kf4 1/2-1/2

[Event "Bangalore op 1st"]
[Site "Bangalore"]
[Date "2024.01.23"]
[Round "7"]
[White "Teterev, Vitaly"]
[Black "Fawzy, Adham"]
[Result "0-1"]
[WhiteElo "2288"]
[BlackElo "2522"]
[PlyCount "110"]
[EventDate "2024.01.18"]
[EventType "swiss"]
[EventRounds "10"]
[EventCountry "IND"]
[SourceTitle "CB05_2024"]
[SourceDate "2024.01.31"]
[SourceVersion "1"]
[SourceVersionDate "2024.01.31"]
[SourceQuality "1"]

1. e4 c5 2. Nf3 Nc6 3. Bb5 g6 4. 0-0 Bg7 5. c3 Nf6 6. Re1 0-0 7. d4 a6 8. Bxc6 dxc6 9. Qc2 Bg4 10. Nbd2 cxd4 11. cxd4 e5 12. Nxe5 Qxd4 13. Ndf3 Qb4 14. Bd2 Qb6 15. Be3 Qc7 16. Bc5 Rfd8 17. h3 Be6 18. Nc4 Bxc4 19. Qxc4 Nd7 20. Ba3 b5 21. Qc2 a5 22. Be7 Re8 23. Bh4 c5 24. Rad1 c4 25. Rd5 Qc6 26. Red1 Nc5 27. e5 Rac8 28. b3 Nd3 29. bxc4 Nb4 30. Qb2 Qxc4 31. R5d2 Nc6 32. Rc2 Nxe5 33. Rxc4 Nxf3+ 34. gxf3 Bxb2 35. Rxc8 Rxc8 36. Rd5 Rb8 37. Bg3 Rb7 38. Be5 Bxe5 39. Rxe5 a4 40. a3 b4 41. axb4 Rxb4 42. Ra5 h5 43. Kf1 Kg7 44. Ke2 f6 45. Ke3 g5 46. Ra7+ Kg6 47. Ra5 Rf4 48. Ra8 h4 49. Ra5 Kf7 50. Ra6 Ke7 51. Rc6 Kd7 52. Rc5 Kd6 53. Rc8 Kd5 54. Rc7 Rb4 55. Rf7 a3 0-1

[Event "FIDE Grand Swiss"]
[Site "Douglas"]
[Date "2023.10.28"]
[Round "4"]
[White "Fawzy, Adham"]
[Black "Iturrizaga Bonelli, Eduardo"]
[Result "1-0"]
[WhiteElo "2535"]
[BlackElo "2615"]
[PlyCount "79"]
[EventDate "2023.10.25"]
[EventType "swiss"]
[EventRounds "11"]
[EventCountry "IOM"]
[SourceTitle "Mega2024 Update 01"]
[Source "Chessbase"]
[SourceDate "2023.11.12"]
[SourceVersion "1"]
[SourceVersionDate "2023.11.12"]
[SourceQuality "1"]

1. e4 e5 2. Nf3 Nc6 3. d4 exd4 4. Bc4 Nf6 5. 0-0 Nxe4 6. Re1 d5 7. Bxd5 Qxd5 8. Nc3 Qa5 9. Nxe4 Be6 10. Neg5 0-0-0 11. Nxe6 fxe6 12. Rxe6 Be7 13. Qd3 Bf6 14. Bd2 Qd5 15. Rae1 Qxa2 16. b3 h6 17. Qc4 Kb8 18. Bf4 Qa5 19. Rxc6 bxc6 20. Qxc6 Qb6 21. Qc4 Rd7 22. Re6 Qb7 23. Rc6 Re8 24. Bxc7+ Ka8 25. Bg3 d3 26. h4 d2 27. Nxd2 Rd4 28. Qc5 Rxd2 29. Rc7 Bd4 30. Qc4 Qe4 31. Rc8+ Kb7 32. Qf7+ Re7 33. Rb8+ Kc6 34. Qc4+ Bc5 35. Rc8+ Kd7 36. Qxc5 Ke6 37. Rf8 g5 38. Qc8+ Rdd7 39. Qa6+ Kd5 40. Rf5+ 1-0

[Event "Qatar Masters op"]
[Site "Doha"]
[Date "2023.10.18"]
[Round "7"]
[White "Aryan, Chopra"]
[Black "Fawzy, Adham"]
[Result "1/2-1/2"]
[WhiteElo "2634"]
[BlackElo "2535"]
[PlyCount "92"]
[EventDate "2023.10.11"]
[EventType "swiss"]
[EventRounds "9"]
[EventCountry "QAT"]
[SourceTitle "Mega2024 Update 01"]
[Source "Chessbase"]
[SourceDate "2023.11.12"]
[SourceVersion "1"]
[SourceVersionDate "2023.11.12"]
[SourceQuality "1"]

1. e4 c5 2. Nf3 Nc6 3. d4 cxd4 4. Nxd4 Nf6 5. Nc3 e5 6. Ndb5 d6 7. Nd5 Nxd5 8. exd5 Ne7 9. c4 Ng6 10. Qa4 Bd7 11. Qb4 Qb8 12. h4 h5 13. Be3 a6 14. Nc3 Be7 15. Na4 Qc7 16. Nb6 Rb8 17. 0-0-0 Nxh4 18. Nxd7 Qxd7 19. c5 Nf5 20. c6 Qc7 21. Ba7 0-0 22. Rxh5 g6 23. Rh3 bxc6 24. Bxb8 Rxb8 25. Qc4 Rb5 26. Kb1 c5 27. Qa4 Rb8 28. Rb3 Rxb3 29. Qxb3 Nd4 30. Qa4 a5 31. Qe8+ Kg7 32. Bc4 Bf8 33. Rf1 Qe7 34. Qxe7 Bxe7 35. b3 f5 36. Kb2 Bd8 37. Ka3 Bg5 38. Rd1 Bh4 39. g3 Bd8 40. Ka4 e4 41. Rh1 Bc7 42. g4 Bb6 43. gxf5 gxf5 44. Rh2 Bd8 45. Ba6 Bb6 46. Bc4 Bd8 1/2-1/2

[Event "Qatar Masters op"]
[Site "Doha"]
[Date "2023.10.14"]
[Round "4"]
[White "Fawzy, Adham"]
[Black "Yakubboev, Nodirbek"]
[Result "1/2-1/2"]
[WhiteElo "2535"]
[BlackElo "2616"]
[PlyCount "85"]
[EventDate "2023.10.11"]
[EventType "swiss"]
[EventRounds "9"]
[EventCountry "QAT"]
[SourceTitle "Mega2024 Update 01"]
[Source "Chessbase"]
[SourceDate "2023.11.12"]
[SourceVersion "1"]
[SourceVersionDate "2023.11.12"]
[SourceQuality "1"]

1. e4 e5 2. Nf3 Nc6 3. Bc4 Bc5 4. c3 Nf6 5. d4 exd4 6. e5 d5 7. Bb5 Ne4 8. cxd4 Bb6 9. Nc3 0-0 10. Be3 Bg4 11. h3 Bh5 12. Qc2 Bg6 13. Qb3 Ne7 14. 0-0 c6 15. Bd3 Nf5 16. Qc2 Nxc3 17. bxc3 Nxe3 18. fxe3 Bxd3 19. Qxd3 f6 20. c4 Bc7 21. Qb3 fxe5 22. Qxb7 exd4 23. exd4 Qc8 24. Qxc8 Raxc8 25. c5 Bg3 26. Rab1 Rb8 27. Rfd1 h5 28. a4 Rbe8 29. h4 Re2 30. Rb7 Rf7 31. Rb3 Rfe7 32. Rdb1 g6 33. R3b2 Kg7 34. Kf1 Rxb2 35. Rxb2 Kf6 36. a5 Re3 37. Rb7 Ra3 38. Rxa7 Ra2 39. Ra6 Rf2+ 40. Kg1 Ra2 41. Kf1 Rf2+ 42. Kg1 Ra2 43. Kf1 1/2-1/2

[Event "Qatar Masters op"]
[Site "Doha"]
[Date "2023.10.11"]
[Round "1"]
[White "Manish, Anto Cristiano F"]
[Black "Fawzy, Adham"]
[Result "1/2-1/2"]
[WhiteElo "2368"]
[BlackElo "2535"]
[PlyCount "84"]
[EventDate "2023.10.11"]
[EventType "swiss"]
[EventRounds "9"]
[EventCountry "QAT"]
[SourceTitle "Mega2024 Update 01"]
[Source "Chessbase"]
[SourceDate "2023.11.12"]
[SourceVersion "1"]
[SourceVersionDate "2023.11.12"]
[SourceQuality "1"]

1. e4 c5 2. Nf3 Nc6 3. d4 cxd4 4. Nxd4 e5 5. Nb5 d6 6. c4 Be7 7. N1c3 a6 8. Na3 Be6 9. Be2 Bg5 10. 0-0 h6 11. Nc2 Nge7 12. Be3 Bxe3 13. Nxe3 Nd4 14. Kh1 Ng6 15. Ncd5 0-0 16. f4 Bxd5 17. Nxd5 Ne7 18. Ne3 Kh8 19. Bd3 Qa5 20. Rf2 exf4 21. Rxf4 Qe5 22. Rf2 Ne6 23. Rc1 Nc5 24. Bb1 Nc6 25. Nf5 Rad8 26. Rd2 Rd7 27. Nxd6 Kg8 28. Nf5 Rfd8 29. Rxd7 Rxd7 30. Qe2 Qf4 31. Rd1 Rxd1+ 32. Qxd1 Ne5 33. h3 Ne6 34. b3 Qf2 35. Qg1 Qb2 36. Qf1 Qd2 37. Ne7+ Kh8 38. Qf5 Qd1+ 39. Kh2 Qd6 40. Kh1 Qd1+ 41. Kh2 Qd6 42. Kh1 Qd1+ 1/2-1/2

[Event "Kimberley Moja op"]
[Site "Kimberley"]
[Date "2023.10.01"]
[Round "3"]
[White "Fawzy, Adham"]
[Black "Rogov, Matfey"]
[Result "1-0"]
[WhiteElo "2535"]
[BlackElo "2087"]
[PlyCount "69"]
[EventDate "2023.09.30"]
[EventType "swiss"]
[EventRounds "9"]
[EventCountry "RSA"]
[SourceTitle "EXT 2024"]
[Source "ChessBase"]
[SourceDate "2023.10.10"]
[SourceVersion "1"]
[SourceVersionDate "2023.10.10"]
[SourceQuality "1"]

1. e4 e5 2. Nf3 Nc6 3. Bb5 a6 4. Ba4 Nf6 5. 0-0 Be7 6. Re1 b5 7. Bb3 0-0 8. a4 Bb7 9. d3 Re8 10. Bg5 d6 11. Bxf6 Bxf6 12. Bd5 Rb8 13. axb5 axb5 14. Nc3 Ne7 15. Bxb7 Rxb7 16. Ra6 b4 17. Ne2 Qd7 18. Qa1 Reb8 19. Ng3 g6 20. Nf1 h5 21. Ne3 g5 22. Nd2 Kh7 23. Ndf1 b3 24. c3 g4 25. Ng3 Kg6 26. Nef5 Ng8 27. d4 h4 28. Qd1 Nh6 29. Nxh6 hxg3 30. Nf5 gxf2+ 31. Kxf2 Kh5 32. Re3 Bh4+ 33. Kg1 exd4 34. Rh3 Qd8 35. cxd4 1-0

[Event "Speed Chess Q1 Sw"]
[Site "Chess.com INT"]
[Date "2023.08.21"]
[Round "5"]
[White "Fawzy, Adham"]
[Black "Sjugirov, Sanan"]
[Result "1-0"]
[WhiteElo "2533"]
[BlackElo "2705"]
[PlyCount "111"]
[EventDate "2023.08.21"]
[EventType "k.o. (blitz)"]
[EventRounds "14"]
[EventCountry "USA"]
[SourceTitle "CBM 215 Extra"]
[Source "ChessBase"]
[SourceDate "2023.09.30"]
[SourceVersion "1"]
[SourceVersionDate "2023.09.30"]
[SourceQuality "1"]

1. e4 c5 2. Nf3 Nc6 3. d4 cxd4 4. Nxd4 Nf6 5. Nc3 e5 6. Ndb5 d6 7. a4 a6 8. Na3 Bg4 9. Be2 Bxe2 10. Qxe2 d5 11. Bg5 Nd4 12. Qd3 dxe4 13. Nxe4 Be7 14. Bxf6 Bxf6 15. c3 Nf5 16. Qh3 g6 17. g4 Nh4 18. Rd1 Qe7 19. Qg3 Bg5 20. Nd6+ Kf8 21. 0-0 Bf4 22. Qd3 Kg7 23. Nac4 h5 24. f3 hxg4 25. fxg4 Rad8 26. Qd5 b5 27. axb5 axb5 28. Qxb5 Qe6 29. h3 f5 30. Qd5 Qxd5 31. Rxd5 fxg4 32. hxg4 g5 33. Rfd1 Nf3+ 34. Kg2 Nh4+ 35. Kg1 Rb8 36. b4 Kg6 37. Ne4 Nf3+ 38. Kg2 Nh4+ 39. Kf2 Kg7 40. Rd7+ Kh6 41. R1d6+ Ng6 42. Rf7 Rhg8 43. Rff6 Rbc8 44. Nb6 Rce8 45. Nd5 Rg7 46. Nc5 Rh8 47. Ne6 Rgg8 48. Kf3 Rh7 49. Ke4 Rhh8 50. Kf5 Kh7 51. Rd7+ Kh6 52. Nexf4 gxf4 53. Rdd6 f3 54. Rxg6+ Rxg6 55. Rxg6+ Kh7 56. Nf6# 1-0

[Event "FIDE World Cup"]
[Site "Baku"]
[Date "2023.07.30"]
[Round "1.1"]
[White "Supi, Luis Paulo"]
[Black "Fawzy, Adham"]
[Result "1/2-1/2"]
[WhiteElo "2582"]
[BlackElo "2533"]
[PlyCount "92"]
[EventDate "2023.07.30"]
[EventType "k.o."]
[EventRounds "8"]
[EventCountry "AZE"]
[SourceTitle "EXT 2024"]
[Source "ChessBase"]
[SourceDate "2023.10.10"]
[SourceVersion "1"]
[SourceVersionDate "2023.10.10"]
[SourceQuality "1"]

1. Nf3 Nf6 2. g3 g6 3. Bg2 Bg7 4. 0-0 0-0 5. c4 c6 6. b3 Ne4 7. d4 d5 8. Bb2 Be6 9. Nbd2 f5 10. e3 Na6 11. Qe2 Qd7 12. Rfd1 Nc7 13. Rac1 Rac8 14. Ne1 Rfd8 15. Nd3 Qe8 16. Nf3 Nd6 17. Nfe5 Nf7 18. Nc5 Bxe5 19. dxe5 dxc4 20. Nxb7 Rxd1+ 21. Qxd1 Bd5 22. e6 Ng5 23. f3 Rb8 24. Nc5 Ncxe6 25. Nxe6 Bxe6 26. Qd4 Qf8 27. bxc4 Nf7 28. Ba1 a5 29. e4 Rd8 30. Qc3 fxe4 31. fxe4 Qh6 32. Rf1 c5 33. h4 Rd4 34. Qf3 Rd8 35. Bh3 Bxc4 36. Re1 Rd3 37. Qf2 Qd2 38. Qxd2 Rxd2 39. a4 Bb3 40. Rc1 Bxa4 41. Bc3 Rd1+ 42. Rxd1 Bxd1 43. Bxa5 Bf3 44. Be6 Bxe4 45. Bb6 Bf5 46. Bxf7+ Kxf7 1/2-1/2

[Event "Dubai op-A 23rd"]
[Site "Dubai"]
[Date "2023.05.27"]
[Round "1"]
[White "Fawzy, Adham"]
[Black "Eric, Jovana"]
[Result "1-0"]
[WhiteElo "2495"]
[BlackElo "2217"]
[PlyCount "47"]
[EventDate "2023.05.27"]
[EventType "swiss"]
[EventRounds "9"]
[EventCountry "UAE"]
[SourceTitle "CBM 214 Extra"]
[Source "ChessBase"]
[SourceDate "2023.07.31"]
[SourceVersion "1"]
[SourceVersionDate "2023.07.31"]
[SourceQuality "1"]

1. e4 e6 2. d4 d5 3. Nc3 Nf6 4. Bd3 dxe4 5. Nxe4 Be7 6. Nf3 Nbd7 7. c3 0-0 8. Qe2 c5 9. Bg5 cxd4 10. Nxd4 Ne5 11. Bc2 Nxe4 12. Bxe7 Qxe7 13. Bxe4 Ng6 14. Bxg6 hxg6 15. f4 Bd7 16. h4 e5 17. 0-0-0 Rfe8 18. Rde1 Rac8 19. fxe5 Rc5 20. e6 Bxe6 21. Nxe6 Qxe6 22. Qxe6 Rxe6 23. Re3 Ree5 24. Rxe5 1-0

[Event "Sharjah Challengers 6th"]
[Site "Sharjah"]
[Date "2023.05.19"]
[Round "3"]
[White "Fawzy, Adham"]
[Black "Kayonde, Andrew"]
[Result "1-0"]
[WhiteElo "2495"]
[BlackElo "2361"]
[PlyCount "59"]
[EventDate "2023.05.17"]
[EventType "swiss"]
[EventRounds "9"]
[EventCountry "UAE"]
[SourceTitle "CBM 214 Extra"]
[Source "ChessBase"]
[SourceDate "2023.07.31"]
[SourceVersion "1"]
[SourceVersionDate "2023.07.31"]
[SourceQuality "1"]

1. e4 Nf6 2. e5 Nd5 3. c4 Nb6 4. a4 d5 5. c5 Nc4 6. d4 Nc6 7. b3 N4a5 8. Bd2 b6 9. Bxa5 Nxa5 10. b4 Nc4 11. Qf3 Rb8 12. Nc3 e6 13. Bxc4 dxc4 14. Nge2 a5 15. b5 bxc5 16. dxc5 Qd3 17. Qc6+ Bd7 18. Qxc7 Rc8 19. Qb7 Bxc5 20. Rd1 Bb4 21. 0-0 Rd8 22. Rxd3 cxd3 23. Nd4 Bxc3 24. Nc6 Rc8 25. Nb8 0-0 26. Nxd7 Rfd8 27. Qxc8 Rxc8 28. b6 Rd8 29. b7 Bxe5 30. Nxe5 1-0

[Event "Africa-ch"]
[Site "Giza"]
[Date "2023.05.07"]
[Round "3"]
[White "Fawzy, Adham"]
[Black "Nyazi, Nehad"]
[Result "1-0"]
[WhiteElo "2495"]
[BlackElo "2224"]
[PlyCount "89"]
[EventDate "2023.05.06"]
[EventType "swiss"]
[EventRounds "9"]
[EventCountry "EGY"]
[SourceTitle "CBM 214 Extra"]
[Source "ChessBase"]
[SourceDate "2023.07.31"]
[SourceVersion "1"]
[SourceVersionDate "2023.07.31"]
[SourceQuality "1"]

1. e4 c6 2. d4 d5 3. exd5 cxd5 4. Bd3 Nc6 5. c3 Nf6 6. Bf4 g6 7. Nd2 Bg7 8. Ngf3 0-0 9. 0-0 Bf5 10. Bxf5 gxf5 11. Ne5 Nxe5 12. dxe5 Nd7 13. Re1 Nc5 14. Nf3 Rc8 15. Be3 Qd7 16. Bxc5 Rxc5 17. Nd4 e6 18. Re3 Rc7 19. Qh5 f6 20. exf6 Rxf6 21. Qe2 e5 22. Rxe5 Rf8 23. Ne6 Bxe5 24. Qxe5 Rcc8 25. Nxf8 Rxf8 26. Rd1 Re8 27. Qd4 Re2 28. h3 Rxb2 29. Rd3 Rb1+ 30. Kh2 Rb6 31. c4 Kf7 32. cxd5 Qd6+ 33. Rg3 Qf6 34. Qc4 Qd6 35. Qc8 Qe5 36. Qg8+ Ke7 37. Qxh7+ Kd6 38. Qh6+ Kxd5 39. Qd2+ Ke6 40. f4 Rb2 41. Qc1 Qd4 42. Qc8+ Ke7 43. Qc7+ Kf8 44. Qb8+ Ke7 45. Rg8 1-0

[Event "Nairobi op"]
[Site "Nairobi"]
[Date "2023.04.09"]
[Round "7"]
[White "Meskovs, Nikita"]
[Black "Fawzy, Adham"]
[Result "1/2-1/2"]
[WhiteElo "2585"]
[BlackElo "2495"]
[PlyCount "84"]
[EventDate "2023.04.06"]
[EventType "swiss"]
[EventRounds "9"]
[EventCountry "KEN"]
[SourceTitle "EXT 2024"]
[Source "ChessBase"]
[SourceDate "2023.10.10"]
[SourceVersion "1"]
[SourceVersionDate "2023.10.10"]
[SourceQuality "1"]

1. Nf3 Nf6 2. c4 e6 3. g3 d5 4. Bg2 dxc4 5. Qa4+ Nbd7 6. Qxc4 c5 7. Qb3 Rb8 8. d3 b5 9. Bf4 Rb6 10. 0-0 Nd5 11. Bd2 Rb8 12. e4 Nb4 13. a4 Ba6 14. axb5 Bxb5 15. Bf4 Rb7 16. Rd1 Be7 17. Na3 a6 18. d4 Bc6 19. Ne5 Qc8 20. Nxd7 Bxd7 21. Qc3 0-0 22. d5 exd5 23. exd5 Bf6 24. Be5 Bxe5 25. Qxe5 Bg4 26. Rd2 Re8 27. Qc3 Rbe7 28. Nc2 Nxc2 29. Rxc2 Qf5 30. f3 Re3 31. Qxc5 Bxf3 32. Rf1 Qxc2 33. Qxc2 Re2 34. Rf2 Rxc2 35. Rxc2 Bxg2 36. Kxg2 f5 37. Kf3 Re4 38. Rc6 Rd4 39. Rxa6 Rxd5 40. b4 Rd3+ 41. Kf4 Rd4+ 42. Kxf5 Rxb4 1/2-1/2